00509 a2200169 4500010001400000020002300014035001300037037001600050082000800066100002000074245005700094250001700151260006200168270005600230300003400286500001900320 aENG-88649 c295.00a8177096575 aEN-72182 bDBAD / PUB14a510 aGupta, Asit Das1 aProblems plus in IIT mathematics/cby Asit Das Gupta a7th rev. ed. aNew DelhibBharati Bhawan Publishers & Distributorsc2007 a4271/3, Ansari Road, Daryaganj,bNew Delhie110 002 avarious pagings. :c27cm (Hb) aIncludes index